000 00451nam a2200181Ia 4500
008 230524s9999 xx 000 0 und d
020 _a817319419X
082 _a512
_bRLZ
100 _aS.Tariq Rizvi
245 0 _aAlgebra and its Applications
250 _a3RD
260 _aNEW DELHI
_bNarosa
_c2001
300 _aXIII;315
500 _aQuantity Number: 2
650 _aMathematics
700 _a" Murtaza A.Quadri , M.Ashraf,,,"
942 _cBK
999 _c3873
_d3873